| 000 | 01009nam a2200325 u 4500 | ||
|---|---|---|---|
| 001 | 658620 | ||
| 005 | 20260506090326.0 | ||
| 008 | 010419s2000 spa | ||
| 020 | _a8473562313 | ||
| 035 | _a658620 | ||
| 035 | _a(OCoLC)44560314 | ||
| 040 | _ccomduadb | ||
| 041 | _aspa | ||
| 082 | 4 | _a658 | |
| 100 | 1 | 0 |
_aPalomo Vadillo, Maria Teresa _4aut _eaut _9335622 |
| 245 | 1 | 0 | _aLiderazgo y motivacion de equipos de trabajo |
| 260 |
_aMadrid : _bESIC Editorial, _c2000. |
||
| 300 | _a241 páginas | ||
| 650 | 7 |
_aLiderazgo _2lemb _9920 |
|
| 650 |
_aMotivación laboral _957507 |
||
| 650 |
_aSatisfacción en el trabajo _938459 |
||
| 650 | 7 |
_aTrabajo en equipo _2lemb _922630 |
|
| 650 | 7 |
_aComunicación organizacional _2lemb _933998 |
|
| 650 | 7 |
_aToma de decisiones _2lemb _9175188 |
|
| 650 |
_aDirección de empresas _928344 |
||
| 650 |
_aDiagrafia de las seis palabras _9105235 |
||
| 650 |
_aDiagrama de Pareto _979158 |
||
| 650 |
_aDiagrama causa - efecto _9105238 |
||
| 942 | _cBOOK | ||
| 999 |
_c190827 _d190827 |
||